000 00750nam a2200229Ii 4500
003 JO-AjNU
008 230605s9999||||xx |||||||||||||| ||und||
017 _a1997/11989
020 _a977-01-5483-0
040 _aJO-AjNU
_bara
_erda
_cJO-AjNU
041 _aara
050 1 4 _aBL2450.G6.D6512.1998
100 3 _aديماس،فرانسوا ، سوس،زكي/ترجمة,
_eauthor
_920275
245 0 0 _aآلهة مصر
264 3 1 _aالقاهرة:الهيئة المصرية العامة للكتاب ،1998
300 _a168ص
336 _atext
_btxt
_2rdacontent
337 _aunmediated
_bn
_2rdamedia
338 _avolume
_bnc
_2rdacarrier
490 0 _aالالف كتاب الثاني
650 4 _aالفراعنة-مصر-تاريخ
_920276
999 _aA6842
_c10410
_d10410